| 000 | 00634nam a22001937a 4500 | ||
|---|---|---|---|
| 999 |
_c182556 _d182556 |
||
| 005 | 20211122155749.0 | ||
| 010 | _aUR-11337 | ||
| 020 |
_c100.00 _a9789390100903 |
||
| 035 | _aU-9892 | ||
| 037 | _bDBAD/PUB | ||
| 082 | _a840.1 | ||
| 100 | _aمر تبہ؛صا د ق | ||
| 245 |
_aمير ی کتا بيں ا و ر مبصر ين _cمر تبہ؛صا د ق |
||
| 246 |
_aMeri Kitaben(Urdu) _bComolied by Sadiq |
||
| 260 |
_aN.Delhi _c2020 ء _bEducational Publishing House |
||
| 270 |
_aD1/16,Ansari Road,Darya Ganj, _bNew Delhi _e110002 _l - |
||
| 300 |
_a160 ص _c22 Cm(Hb) |
||
| 942 |
_2ddc _cUR _h840.1 _mص ا د |
||